Central Library, Doon University
WEBOPAC (ONLINE PUBLIC ACCESS CATALOGUE)

Cyber law (Record no. 59999)

MARC details
000 -LEADER
fixed length control field 00480nam a22001817a 4500
005 - DATE & TIME
control field 20260116164954.0
008 - FIXED-LENGTH DATA ELEMENTS--GENERAL INFORMATION
fixed length control field 260116b |||||||| |||| 00| 0 eng d
020 ## - ISBN
International Standard Book Number 9789351432548
Price 750.00
040 ## - CATALOGING SOURCE
Original cataloging agency Doon University
041 ## - Language
Language English
082 ## - DDC NUMBER
Classification number 005.8
Book Number RAS
100 ## - MAIN ENTRY--PERSONAL NAME
Personal name Rastogi, Anirudh
245 ## - TITLE STATEMENT
Title Cyber law
Sub Title : Law of Information Technology And Internet
260 ## - PUBLICATION, DISTRIBUTION, ETC. (IMPRINT)
Place of publication, distribution, etc Haryana
Name of publisher, distributor, etc Lexis Lexis
Date of publication, distribution, etc 2025
300 ## - PHYSICAL DESCRIPTION
Pages 395
650 ## - Subject
Subject Computer Science
942 ## - ADDED ENTRY ELEMENTS (KOHA)
Koha item type Books
100 ## - MAIN ENTRY--PERSONAL NAME
-- 25962
952 ## - LOCATION AND ITEM INFORMATION (KOHA)
-- 2026-01-16
952 ## - LOCATION AND ITEM INFORMATION (KOHA)
-- 2026-01-16
952 ## - LOCATION AND ITEM INFORMATION (KOHA)
-- 2026-01-16
952 ## - LOCATION AND ITEM INFORMATION (KOHA)
-- 2026-01-16
952 ## - LOCATION AND ITEM INFORMATION (KOHA)
-- 2026-01-16
Holdings
Withdrawn status Lost status Source of classification or shelving scheme Damaged status Not for loan Location (home branch) Sublocation or collection (holding branch) Date acquired Koha full call number Accession No. Koha date last seen Koha item type Koha issues (times borrowed)
        Not For Loan Doon University Doon University 16.01.2026 005.8 RAS 51291 16.01.2026 Reference  
          Doon University Doon University 16.01.2026 005.8 RAS 51292 16.01.2026 Books  
          Doon University Doon University 16.01.2026 005.8 RAS 51293 16.01.2026 Books  
          Doon University Doon University 16.01.2026 005.8 RAS 51294 16.01.2026 Books  
          Doon University Doon University 16.01.2026 005.8 RAS 51295 16.01.2026 Books  
Contact : +91-135-2533126 (Library),+91-135-2533105 (Admin Office) , Email : doonlibrary@gmail.com

Powered by Koha